000 00387cam a22001337a 4500
008 180718b2000 xxu||||| |||| 00| 0 eng d
020 _a8186803637
082 _aT2196x54 G346
100 _aGhosh, Biswanath
245 _aEntrepreneurship development in India
_cby Biswanath Ghosh
260 _aJaipur
_bNational
_c2000
650 _aEconomic development
650 _aEntrepreneurs - India
999 _c402755
_d402755